एशिया के हृदयांचलो में भारत-भारती/ (Record no. 201177)

MARC details
000 -LEADER
fixed length control field 00855nam a22001817a 4500
005 - DATE AND TIME OF LATEST TRANSACTION
control field 20240314142410.0
010 ## - LCCN (DPL NO)
LC control number HIN-127005
020 ## - INTERNATIONAL STANDARD BOOK NUMBER
International Standard Book Number 9788123796116
Terms of availability 360.00
035 ## - SYSTEM CONTROL NUMBER
System control number HN-99351
037 ## - SOURCE OF ACQUISITION
Source of stock number/acquisition DBAD/PUB
082 ## - DEWEY DECIMAL CLASSIFICATION NUMBER
Classification number 306.09954
100 ## - MAIN ENTRY--PERSONAL NAME
Personal name लोकेशचंद्र
245 ## - TITLE STATEMENT
Title एशिया के हृदयांचलो में भारत-भारती/
Statement of responsibility, etc लोकेशचंद्र
260 ## - PUBLICATION, DISTRIBUTION, ETC. (IMPRINT)
Place of publication, distribution, etc नई दिल्ली
Name of publisher, distributor, etc राष्टीय पुस्तक न्यास
Date of publication, distribution, etc 2021
270 ## - ADDRESS
Address नेहरु भवन, 5 इंस्टीट्यूशनल एरिया फेज-II वसंत कुंज
City नई दिल्ली
Postal code 110070
300 ## - PHYSICAL DESCRIPTION
Extent 230 पृष्ट.;
Dimensions 22 सेमी (सजिल्द)
942 ## - ADDED ENTRY ELEMENTS (KOHA)
Item type Hindi Books
Source of classification or shelving scheme Dewey Decimal Classification
Classification part 306.0954
Call number suffix लोकेश
Holdings
Withdrawn status Lost status Not for loan Collection code Home library Current library Date acquired Source of acquisition Cost, normal purchase price Full call number Barcode Copy number Cost, replacement price Koha item type
      Non-fiction Tri Nagar Tri Nagar 01/03/2024 DBAD/PUB 360.00 306.0954 लोकेश HN-99351 1 360.00 Hindi Books

© Delhi Public Library
Hit Counter
free hit counter